<?xml version="1.0" encoding="UTF-8"?>
<record
    xmlns:xsi="http://www.w3.org/2001/XMLSchema-instance"
    xsi:schemaLocation="http://www.loc.gov/MARC21/slim http://www.loc.gov/standards/marcxml/schema/MARC21slim.xsd"
    xmlns="http://www.loc.gov/MARC21/slim">

  <leader>01937nam a2200289Ia 4500</leader>
  <controlfield tag="003">OSt</controlfield>
  <controlfield tag="005">20210902124713.0</controlfield>
  <controlfield tag="008">210310t2014    sp ad  fr     001 0dspa d</controlfield>
  <datafield tag="020" ind1=" " ind2=" ">
    <subfield code="a">9788495348944</subfield>
  </datafield>
  <datafield tag="040" ind1=" " ind2=" ">
    <subfield code="a">CO-JMCR</subfield>
    <subfield code="c">CO-JMCR</subfield>
  </datafield>
  <datafield tag="041" ind1="1" ind2=" ">
    <subfield code="a">spa</subfield>
    <subfield code="h">eng</subfield>
  </datafield>
  <datafield tag="082" ind1="0" ind2="4">
    <subfield code="a">339 /</subfield>
    <subfield code="b">M278m2</subfield>
    <subfield code="2">23</subfield>
  </datafield>
  <datafield tag="100" ind1="1" ind2=" ">
    <subfield code="a">Mankiw, Nicholas Gregory, </subfield>
    <subfield code="9">17334</subfield>
    <subfield code="e">autor</subfield>
  </datafield>
  <datafield tag="245" ind1="1" ind2="0">
    <subfield code="a">Macroeconom&#xED;a / </subfield>
    <subfield code="c">N. Gregory Mankiw ; traducci&#xF3;n de M. Esther Rabasco</subfield>
  </datafield>
  <datafield tag="250" ind1=" " ind2=" ">
    <subfield code="a">8a. edici&#xF3;n</subfield>
  </datafield>
  <datafield tag="260" ind1=" " ind2=" ">
    <subfield code="a">Barcelona : </subfield>
    <subfield code="b">Antoni Bosch, </subfield>
    <subfield code="c">&#xA9;2014</subfield>
  </datafield>
  <datafield tag="300" ind1=" " ind2=" ">
    <subfield code="a">859 p&#xE1;ginas : </subfield>
    <subfield code="b">ilustraciones y gr&#xE1;ficas a blanco y negro ; </subfield>
    <subfield code="c">24 cm.</subfield>
  </datafield>
  <datafield tag="500" ind1=" " ind2=" ">
    <subfield code="a">Incluye notas a pie de p&#xE1;gina, datos biogr&#xE1;ficos del autor, glosario e &#xED;ndice anal&#xED;tico. 
T&#xED;tulo original: Macroeconomics</subfield>
  </datafield>
  <datafield tag="505" ind1="0" ind2=" ">
    <subfield code="a">La teor&#xED;a cl&#xE1;sica: la econom&#xED;a a largo plazo -- La teor&#xED;a del crecimiento: la econom&#xED;a a muy largo plazo -- La teor&#xED;a de los ciclos econ&#xF3;micos: la econom&#xED;a a corto plazo -- Temas de teor&#xED;a macroecon&#xF3;mica -- Temas de pol&#xED;tica macroecon&#xF3;mica  </subfield>
  </datafield>
  <datafield tag="520" ind1="3" ind2=" ">
    <subfield code="a">El libro de texto de N. Gregory Mankiw, &#xE9;xito de adopci&#xF3;n desde hace mucho tiempo para el curso de macroeconom&#xED;a intermedia, sigue gozando de autoridad, aceptaci&#xF3;n y vitalidad, y la nueva octava edici&#xF3;n es la m&#xE1;s lograda hasta ahora. Una vez m&#xE1;s, Mankiw presenta una introducci&#xF3;n a la macroeconom&#xED;a excepcionalmente clara y concisa, incorporando plenamente la crisis financiera de 2007-2010 y las medidas adoptadas para hacerle frente. La nueva edici&#xF3;n, adem&#xE1;s de ofrecer un nuevo cap&#xED;tulo inspirado directamente en la crisis (cap&#xED;tulo 20, El sistema financiero: oportunidades y peligros), tambi&#xE9;n contiene nuevas investigaciones, an&#xE1;lisis y casos pr&#xE1;cticos.</subfield>
  </datafield>
  <datafield tag="650" ind1="1" ind2="4">
    <subfield code="a">Macroeconom&#xED;a </subfield>
    <subfield code="9">17377</subfield>
  </datafield>
  <datafield tag="650" ind1="2" ind2="4">
    <subfield code="a">Desarrollo econ&#xF3;mico </subfield>
    <subfield code="9">39909</subfield>
  </datafield>
  <datafield tag="650" ind1="2" ind2="4">
    <subfield code="a">Pol&#xED;tica econ&#xF3;mica  </subfield>
    <subfield code="9">39910</subfield>
  </datafield>
  <datafield tag="650" ind1="2" ind2="4">
    <subfield code="a">Econom&#xED;a </subfield>
    <subfield code="9">39911</subfield>
  </datafield>
  <datafield tag="700" ind1="1" ind2=" ">
    <subfield code="a">Rabasco, M. Esther, </subfield>
    <subfield code="e">traductora</subfield>
    <subfield code="9">39912</subfield>
  </datafield>
  <datafield tag="942" ind1=" " ind2=" ">
    <subfield code="2">ddc</subfield>
    <subfield code="c">BK</subfield>
  </datafield>
  <datafield tag="999" ind1=" " ind2=" ">
    <subfield code="c">8474</subfield>
    <subfield code="d">8474</subfield>
  </datafield>
  <datafield tag="952" ind1=" " ind2=" ">
    <subfield code="0">0</subfield>
    <subfield code="1">0</subfield>
    <subfield code="2">ddc</subfield>
    <subfield code="4">0</subfield>
    <subfield code="7">0</subfield>
    <subfield code="8">NFIC</subfield>
    <subfield code="a">CPL</subfield>
    <subfield code="b">CPL</subfield>
    <subfield code="d">2018-04-15</subfield>
    <subfield code="e">Donaci&#xF3;n</subfield>
    <subfield code="o">339 / M278m2</subfield>
    <subfield code="p">430000331</subfield>
    <subfield code="r">2024-05-16 00:00:00</subfield>
    <subfield code="t">Ej.1</subfield>
    <subfield code="y">BK</subfield>
  </datafield>
</record>
